[Event "NOR-chT Elite 2324"]
[Site "Norway"]
[Date "2023.10.29"]
[Round "3.26"]
[White "Mikalsen, Harald"]
[Black "Hestholm, Gustav"]
[Result "0-1"]
[WhiteElo "1925"]
[BlackElo "1928"]
[PlyCount "118"]
[EventDate "2023.10.27"]
[EventType "team-tourn"]
[EventRounds "9"]
[EventCountry "NOR"]
[SourceTitle "Mega2024 Update 01"]
[Source "Chessbase"]
[SourceDate "2023.11.12"]
[SourceVersion "1"]
[SourceVersionDate "2023.11.12"]
[SourceQuality "1"]
[WhiteTeam "Alta"]
[BlackTeam "Stavanger"]
[WhiteTeamCountry "NOR"]
[BlackTeamCountry "NOR"]

1. e4 c5 2. Nf3 d6 3. d4 cxd4 4. Nxd4 Nf6 5. Nc3 Nc6 6. Be2 e5 7. Nb3 Be7 8. Bg5 Be6 9. Bxf6 Bxf6 10. Nd5 0-0 11. Nxf6+ Qxf6 12. 0-0 Rfd8 13. c4 Qg6 14. f3 Rac8 15. Qe1 f5 16. Qg3 Qxg3 17. hxg3 fxe4 18. fxe4 Nb4 19. Nd2 Rf8 20. b3 Nc2 21. Rab1 Nd4 22. Bf3 b5 23. cxb5 Rc2 24. Nc4 Nxb5 25. Rf2 Rxf2 26. Kxf2 Nc3 27. Re1 Nxa2 28. Ra1 Nb4 29. Rxa7 Bxc4 30. bxc4 Rf7 31. Ra8+ Rf8 32. Ra7 Rf7 33. Ra8+ Rf8 34. Ra4 Nd3+ 35. Ke3 Nc5 36. Ra7 Rb8 37. Kd2 Rb2+ 38. Kc3 Rb3+ 39. Kd2 Rd3+ 40. Ke2 Rd4 41. Ke3 Rxc4 42. Re7 Kf8 43. Ra7 Rb4 44. Rc7 Rb3+ 45. Ke2 Rb7 46. Rc8+ Ke7 47. Rh8 h6 48. Rg8 Ne6 49. Bg4 Nd4+ 50. Kf2 Rb2+ 51. Kf1 Nc2 52. Bf3 Ne3+ 53. Kg1 g5 54. g4 Kf7 55. Rh8 Kg7 56. Rd8 h5 57. Rd7+ Kf8 58. Rxd6 hxg4 59. Rd3 g3 0-1

[Event "NOR-ch North Mester"]
[Site "Alta"]
[Date "2022.06.04"]
[Round "3"]
[White "Mikalsen, Harald"]
[Black "Brasoy, Aksel"]
[Result "1-0"]
[WhiteElo "1924"]
[BlackElo "1878"]
[PlyCount "95"]
[EventDate "2022.06.03"]
[EventType "swiss"]
[EventRounds "6"]
[EventCountry "NOR"]
[SourceTitle "CBM 208 Extra"]
[Source "ChessBase"]
[SourceDate "2022.07.31"]
[SourceVersion "1"]
[SourceVersionDate "2022.07.31"]
[SourceQuality "1"]

1. Nf3 Nf6 2. d4 g6 3. Bf4 d6 4. e3 Bg7 5. Bd3 Nbd7 6. c3 c5 7. Nbd2 h6 8. h4 cxd4 9. exd4 0-0 10. Qc2 Nd5 11. Bg3 e5 12. dxe5 dxe5 13. 0-0-0 Nf4 14. Bc4 Nb6 15. Ne4 Qc7 16. Bb3 Bf5 17. h5 a5 18. a3 Nc4 19. Nh4 Rfd8 20. hxg6 fxg6 21. Nxf5 gxf5 22. Nd6 Rxd6 23. Rxd6 Qxd6 24. Bxc4+ Kh8 25. Qxf5 Rd8 26. Bh4 Qd2+ 27. Kb1 Nd3 28. Bxd3 Qxd3+ 29. Qxd3 Rxd3 30. Kc2 Rd6 31. Rd1 Rg6 32. g3 Re6 33. Kd3 Bf6 34. Bxf6+ Rxf6 35. Ke3 Rb6 36. b4 axb4 37. axb4 Kg7 38. Rd5 Kf6 39. Ke4 Rc6 40. Kd3 b6 41. b5 Re6 42. Ke4 h5 43. c4 Kg6 44. Rxe5 Rd6 45. f4 Rf6 46. Kd5 h4 47. gxh4 Rxf4 48. Re6+ 1-0

[Event "NOR-ch North Mester"]
[Site "Alta"]
[Date "2022.06.03"]
[Round "5"]
[White "Mikalsen, Harald"]
[Black "Royset, Pal"]
[Result "0-1"]
[WhiteElo "1924"]
[BlackElo "2045"]
[PlyCount "42"]
[EventDate "2022.06.03"]
[EventType "swiss"]
[EventRounds "6"]
[EventCountry "NOR"]
[SourceTitle "CBM 208 Extra"]
[Source "ChessBase"]
[SourceDate "2022.07.31"]
[SourceVersion "1"]
[SourceVersionDate "2022.07.31"]
[SourceQuality "1"]

1. Nf3 d5 2. d4 c5 3. Bf4 cxd4 4. Bxb8 Rxb8 5. Qxd4 Qa5+ 6. Nc3 e6 7. a3 Nf6 8. b4 Qb6 9. Qxb6 axb6 10. e3 Bd7 11. Ne5 Bd6 12. Nxd7 Kxd7 13. Nb5 Be5 14. Rd1 Ra8 15. f3 Rhc8 16. c4 Ke7 17. cxd5 Nxd5 18. e4 Ne3 19. Rb1 Rc2 20. Rb3 Nxg2+ 21. Kd1 Rac8 0-1

[Event "NOR-chT 1819"]
[Site "Norway"]
[Date "2019.01.12"]
[Round "5.2"]
[White "Lahlum, Hans Olav"]
[Black "Mikalsen, Harald"]
[Result "0-1"]
[WhiteElo "2115"]
[BlackElo "2006"]
[PlyCount "118"]
[EventDate "2018.11.02"]
[EventType "team-tourn"]
[EventRounds "9"]
[EventCountry "NOR"]
[SourceTitle "CBM 188 Extra"]
[Source "ChessBase"]
[SourceDate "2019.02.26"]
[SourceVersion "1"]
[SourceVersionDate "2019.02.26"]
[SourceQuality "1"]
[WhiteTeam "Akademisk"]
[BlackTeam "Alta"]
[WhiteTeamCountry "NOR"]
[BlackTeamCountry "NOR"]

1. d4 Nf6 2. c4 e6 3. Nc3 Bb4 4. Qc2 c5 5. dxc5 Qa5 6. Bd2 Nc6 7. e3 Qxc5 8. a3 Bxc3 9. Bxc3 a5 10. b3 b6 11. Nf3 Ba6 12. Qb2 Qe7 13. b4 Bc8 14. Rb1 0-0 15. Bd3 d6 16. 0-0 e5 17. Nd2 Ng4 18. Be4 axb4 19. axb4 Bb7 20. Ra1 Qc7 21. Bf3 Nh6 22. Rxa8 Rxa8 23. Rd1 Ne7 24. Bxb7 Qxb7 25. Nf3 Qc7 26. h3 f6 27. Qb3 Nf7 28. Nd2 Rc8 29. Bb2 g6 30. b5 Kg7 31. Ba3 Nf5 32. Rc1 Qb7 33. Qd3 Rd8 34. Qb3 Ng5 35. Qc3 Nh4 36. f3 Nf5 37. Kf2 h5 38. Nf1 Ne6 39. Nd2 Ng5 40. Nf1 h4 41. Nd2 d5 42. c5 d4 43. exd4 exd4 44. Qb4 Qe7 45. Re1 Qe3+ 46. Rxe3 dxe3+ 47. Ke1 exd2+ 48. Qxd2 Rxd2 49. Kxd2 bxc5 50. b6 Nd6 51. Bxc5 Nge4+ 52. fxe4 Nxe4+ 53. Ke3 Nxc5 54. Kd4 Nd7 55. b7 Kf7 56. Kd5 Ke7 57. Kc6 Ke6 58. Kc7 g5 59. Kc6 f5 0-1

[Event "NOR-chT 1718"]
[Site "Norway"]
[Date "2017.12.02"]
[Round "2.5"]
[White "Mikalsen, Harald"]
[Black "Flaata, Alexander R"]
[Result "1-0"]
[WhiteElo "2025"]
[BlackElo "2103"]
[PlyCount "82"]
[EventDate "2017.11.03"]
[EventType "team-tourn"]
[EventRounds "9"]
[EventCountry "NOR"]
[SourceTitle "CBM 181 Extra"]
[Source "ChessBase"]
[SourceDate "2017.12.12"]
[SourceVersion "1"]
[SourceVersionDate "2017.12.12"]
[SourceQuality "1"]
[WhiteTeam "Alta"]
[BlackTeam "Black Knights"]
[WhiteTeamCountry "NOR"]
[BlackTeamCountry "NOR"]

1. d4 Nf6 2. c4 c5 3. Nf3 g6 4. Nc3 cxd4 5. Nxd4 Bg7 6. e4 Nc6 7. Nb3 0-0 8. Be2 d6 9. Be3 b6 10. f3 Ba6 11. Nd4 Rc8 12. Ncb5 Nxd4 13. Bxd4 Bxb5 14. cxb5 Qc7 15. 0-0 Nd7 16. Bxg7 Kxg7 17. Rc1 Qb7 18. Qd4+ Kg8 19. Bc4 Nf6 20. g4 h6 21. Rc3 Qd7 22. Rfc1 Kh7 23. Be2 Rxc3 24. Qxc3 Qe6 25. a4 d5 26. e5 Nd7 27. f4 Kg8 28. Qc6 Nc5 29. b4 Nxa4 30. Qc2 g5 31. Qxa4 gxf4 32. Qa1 f6 33. Bf3 Rd8 34. Re1 f5 35. gxf5 Qxf5 36. e6 d4 37. Qxa7 Kf8 38. Qxb6 Rd6 39. Qxd6 Qg5+ 40. Kh1 exd6 41. e7+ Qxe7 1-0

[Event "Alta Autumn A"]
[Site "Alta"]
[Date "2017.09.13"]
[Round "2"]
[White "Nielsen, Andre"]
[Black "Mikalsen, Harald"]
[Result "1/2-1/2"]
[WhiteElo "2162"]
[BlackElo "2025"]
[PlyCount "112"]
[EventDate "2017.09.06"]
[EventType "tourn"]
[EventRounds "10"]
[EventCountry "NOR"]
[SourceTitle "EXT 2024"]
[Source "ChessBase"]
[SourceDate "2023.10.10"]
[SourceVersion "1"]
[SourceVersionDate "2023.10.10"]
[SourceQuality "1"]

1. e4 c6 2. d4 d5 3. e5 Bf5 4. h4 h6 5. g4 Bg6 6. h5 Bh7 7. e6 Qd6 8. exf7+ Kxf7 9. Bd3 e5 10. Bxh7 Rxh7 11. Nf3 Nd7 12. Be3 e4 13. g5 Rh8 14. Nh4 Ne7 15. Nd2 hxg5 16. Ng6 Rh7 17. Qg4 Qe6 18. Qxg5 Nxg6 19. hxg6+ Qxg6 20. Qf4+ Kg8 21. Rxh7 Kxh7 22. 0-0-0 Bd6 23. Qh4+ Kg8 24. Rh1 Rf8 25. Qh3 Qf5 26. Qg2 Bf4 27. Bxf4 Qxf4 28. Qh3 Qf5 29. Qh8+ Kf7 30. Qh2 Rc8 31. Nf1 c5 32. Ne3 Qg5 33. Rg1 Qh6 34. Qxh6 gxh6 35. dxc5 Rxc5 36. Nf5 Kf6 37. Nxh6 Ne5 38. Ng4+ Nxg4 39. Rxg4 a5 40. Kd2 Kf5 41. Rg7 b5 42. c3 b4 43. cxb4 axb4 44. Rb7 Ra5 45. Rxb4 Rxa2 46. Ke3 Ra1 47. f3 exf3 48. Rf4+ Ke5 49. Rxf3 Rd1 50. Ke2 Rd4 51. Re3+ Kd6 52. Rd3 Rh4 53. Kd2 d4 54. Rg3 Rh2+ 55. Kd3 Rxb2 56. Kxd4 Rb4+ 1/2-1/2

[Event "NOR-ch Mester"]
[Site "Stavanger"]
[Date "2017.07.03"]
[Round "4"]
[White "Kyrkjebo, Erlend"]
[Black "Mikalsen, Harald"]
[Result "1/2-1/2"]
[WhiteElo "2085"]
[BlackElo "1988"]
[PlyCount "87"]
[EventDate "2017.07.01"]
[EventType "swiss"]
[EventRounds "9"]
[EventCountry "NOR"]
[SourceTitle "EXT 2018"]
[Source "ChessBase"]
[SourceDate "2017.10.13"]
[SourceVersion "1"]
[SourceVersionDate "2017.10.13"]
[SourceQuality "1"]

1. c4 e5 2. g3 Nf6 3. Bg2 d5 4. cxd5 Nxd5 5. d3 Be6 6. Nf3 Nc6 7. 0-0 Be7 8. Nc3 Nb6 9. Be3 0-0 10. Ne4 f6 11. Rc1 Nd4 12. Bxd4 exd4 13. a4 a5 14. Nc5 Bxc5 15. Rxc5 Qd6 16. Rc1 c6 17. Nd2 Qb4 18. b3 Rfd8 19. Qc2 Nd5 20. Bxd5 Bxd5 21. Nc4 Rab8 22. Qd2 Qxb3 23. Nxa5 Qa2 24. Qxa2 Bxa2 25. Rc2 Bd5 26. Rb1 Ra8 27. Nxb7 Rdb8 28. Rcb2 Rxa4 29. f3 Ra2 30. Rxa2 Bxa2 31. Ra1 Rxb7 32. Rxa2 Rb1+ 33. Kf2 Rc1 34. Ra7 h5 35. Rd7 c5 36. Rd5 g6 37. Rd7 Rh1 38. h4 Rh2+ 39. Kf1 Rh1+ 40. Kg2 Re1 41. Kf2 Rc1 42. Rc7 f5 43. f4 Kf8 44. Ra7 1/2-1/2

[Event "NOR-chB"]
[Site "Stavanger"]
[Date "2017.07.02"]
[Round "2"]
[White "Mikalsen, Harald"]
[Black "Royset, Pal"]
[Result "0-1"]
[WhiteElo "1988"]
[BlackElo "2216"]
[PlyCount "66"]
[EventDate "2017.07.01"]
[EventType "swiss"]
[EventRounds "9"]
[EventCountry "NOR"]
[SourceTitle "CBM 179 Extra"]
[Source "ChessBase"]
[SourceDate "2017.08.23"]
[SourceVersion "1"]
[SourceVersionDate "2017.08.23"]
[SourceQuality "1"]

1. e4 Nc6 2. d4 e5 3. d5 Nce7 4. c4 Nf6 5. Nc3 Ng6 6. Be3 Bb4 7. f3 Bxc3+ 8. bxc3 0-0 9. Qb3 d6 10. Ne2 Nd7 11. 0-0-0 b6 12. Ng3 Nc5 13. Qc2 Bd7 14. Qd2 a5 15. h4 a4 16. h5 Ne7 17. Bd3 a3 18. Bxc5 bxc5 19. Nf5 Rb8 20. Qg5 Bxf5 21. exf5 f6 22. Qg3 h6 23. Rd2 c6 24. Rc2 Qb6 25. Rd1 cxd5 26. cxd5 c4 27. Be4 Qe3+ 28. Rdd2 Qg1+ 29. Rd1 Rb1+ 30. Kxb1 Qxd1+ 31. Rc1 Rb8+ 32. Ka1 Qxc1+ 33. Bb1 Qxc3# 0-1

[Event "Tromsoe NNM Master"]
[Site "Tromsoe"]
[Date "2017.06.05"]
[Round "6"]
[White "Gleine, Gustav Angell"]
[Black "Mikalsen, Harald"]
[Result "0-1"]
[WhiteElo "1820"]
[BlackElo "1999"]
[PlyCount "42"]
[EventDate "2017.06.02"]
[EventType "swiss"]
[EventRounds "6"]
[EventCountry "NOR"]
[SourceTitle "EXT 2024"]
[Source "ChessBase"]
[SourceDate "2023.10.10"]
[SourceVersion "1"]
[SourceVersionDate "2023.10.10"]
[SourceQuality "1"]

1. d4 Nf6 2. c4 g6 3. Nc3 Bg7 4. e4 d6 5. Bd3 0-0 6. Nge2 Nfd7 7. 0-0 e5 8. d5 Nc5 9. Be3 Nxd3 10. Qxd3 f5 11. f3 f4 12. Bf2 g5 13. b4 g4 14. c5 Qg5 15. Kh1 Qh5 16. Nb5 g3 17. Bg1 Rf6 18. Rac1 Rh6 19. cxd6 Qg6 20. dxc7 Rxh2+ 21. Bxh2 Qh5 0-1

[Event "Tromsoe NNM Master"]
[Site "Tromsoe"]
[Date "2017.06.04"]
[Round "5"]
[White "Berglund, Jan Sigmund"]
[Black "Mikalsen, Harald"]
[Result "1/2-1/2"]
[WhiteElo "2043"]
[BlackElo "1999"]
[PlyCount "63"]
[EventDate "2017.06.02"]
[EventType "swiss"]
[EventRounds "6"]
[EventCountry "NOR"]
[SourceTitle "EXT 2024"]
[Source "ChessBase"]
[SourceDate "2023.10.10"]
[SourceVersion "1"]
[SourceVersionDate "2023.10.10"]
[SourceQuality "1"]

1. d4 d5 2. Nf3 Nf6 3. c4 e6 4. Nc3 Be7 5. Bg5 h6 6. Bh4 0-0 7. e3 Nbd7 8. cxd5 Nxd5 9. Bxe7 Qxe7 10. Nxd5 exd5 11. Bd3 Nf6 12. Qb3 Rd8 13. 0-0 Ne4 14. Rfc1 c6 15. Qc2 f6 16. Bxe4 dxe4 17. Nd2 Re8 18. Qc5 Bd7 19. Qxe7 Rxe7 20. Rc3 Rd8 21. Rac1 Be8 22. b4 Bf7 23. a4 f5 24. g3 Kh7 25. Nc4 Bxc4 26. Rxc4 Rd5 27. Rc5 Red7 28. Kf1 Kg6 29. Ke2 Kf6 30. a5 a6 31. h4 h5 32. f4 1/2-1/2

[Event "Prague op 16th"]
[Site "Prague"]
[Date "2017.01.13"]
[Round "1"]
[White "Mikalsen, Harald"]
[Black "De Rover, Yong Hoon"]
[Result "0-1"]
[WhiteElo "1990"]
[BlackElo "2355"]
[PlyCount "52"]
[EventDate "2017.01.13"]
[EventType "swiss"]
[EventRounds "9"]
[EventCountry "CZE"]
[SourceTitle "CBM 176 Extra"]
[Source "ChessBase"]
[SourceDate "2017.03.02"]
[SourceVersion "1"]
[SourceVersionDate "2017.03.02"]
[SourceQuality "1"]

1. e4 c5 2. Nf3 d6 3. d4 cxd4 4. Nxd4 Nf6 5. Nc3 g6 6. Be3 Bg7 7. f3 Nc6 8. Nb3 0-0 9. Qd2 a5 10. a4 Bd7 11. Nb5 Rc8 12. Qf2 d5 13. Bb6 Qe8 14. Nc7 Rxc7 15. Bxc7 dxe4 16. Qc5 Be6 17. Nxa5 Nd5 18. Nxc6 bxc6 19. Ba5 Qb8 20. fxe4 Qxb2 21. Rd1 Nc3 22. e5 Nxd1 23. Kxd1 Bxe5 24. Qb4 Rd8+ 25. Bd3 Rxd3+ 26. cxd3 Qa1+ 0-1

[Event "Albena op-A"]
[Site "Albena"]
[Date "2016.06.22"]
[Round "5"]
[White "Yakimenko, Alexander A"]
[Black "Mikalsen, Harald"]
[Result "1-0"]
[WhiteElo "2217"]
[BlackElo "1990"]
[PlyCount "91"]
[EventDate "2016.06.18"]
[EventType "swiss"]
[EventRounds "9"]
[EventCountry "BUL"]
[SourceTitle "CBM 173 Extra"]
[Source "ChessBase"]
[SourceDate "2016.08.29"]
[SourceVersion "1"]
[SourceVersionDate "2016.08.29"]
[SourceQuality "1"]

1. e4 e5 2. Nf3 Nf6 3. Nc3 Nc6 4. d4 exd4 5. Nxd4 Bb4 6. Nxc6 Bxc3+ 7. bxc3 bxc6 8. Bd3 Qe7 9. 0-0 0-0 10. Re1 d6 11. h3 Re8 12. Bg5 h6 13. Bh4 Qe5 14. Qf3 Qh5 15. Bxf6 Qxf3 16. gxf3 gxf6 17. Kh2 Rb8 18. Kg3 Be6 19. f4 Rb2 20. a3 Reb8 21. Kf3 Ba2 22. Ke3 Kf8 23. Rg1 Bb1 24. Kd2 c5 25. Rc1 c6 26. Bc4 a5 27. a4 Ke7 28. f5 Kf8 29. Kd1 Ke7 30. Kd2 Kf8 31. Ra3 Ke7 32. h4 Kf8 33. Bb3 Ke7 34. c4 Bxc2 35. Bxc2 Rg8 36. Rg3 Rxg3 37. fxg3 Kf8 38. Kc3 Rb4 39. Rb1 Rxb1 40. Bxb1 Kg7 41. Bc2 Kf8 42. Kd3 Kg7 43. Ke3 Kh7 44. e5 fxe5 45. f6+ Kg8 46. Be4 1-0

[Event "Nord-Norsk-ch"]
[Site "Alta"]
[Date "2016.05.14"]
[Round "2"]
[White "Mikalsen, Harald"]
[Black "Kaasen, Tor Fredrik"]
[Result "0-1"]
[WhiteElo "2018"]
[BlackElo "2199"]
[PlyCount "108"]
[EventDate "2016.05.13"]
[EventType "swiss"]
[EventRounds "6"]
[EventCountry "NOR"]
[SourceTitle "EXT 2024"]
[Source "ChessBase"]
[SourceDate "2023.10.10"]
[SourceVersion "1"]
[SourceVersionDate "2023.10.10"]
[SourceQuality "1"]

1. e4 c5 2. Nf3 d6 3. d4 cxd4 4. Nxd4 Nf6 5. Nc3 a6 6. Be2 e5 7. Nb3 Be6 8. Bg5 Be7 9. Bxf6 Bxf6 10. a4 0-0 11. Nd5 Bg5 12. Bg4 Nc6 13. g3 f5 14. Bxf5 Bxf5 15. exf5 Rxf5 16. h4 Be7 17. g4 Rf7 18. g5 Qd7 19. Qd2 Raf8 20. Rh2 Qg4 21. Kf1 Qg3 22. f4 exf4 23. Qg2 Ne5 24. Rh3 Qxg2+ 25. Kxg2 f3+ 26. Kf1 Bd8 27. Nd2 Rf5 28. Rd1 Ng4 29. Nc4 b5 30. axb5 axb5 31. Nce3 Nxe3+ 32. Nxe3 Re5 33. Nd5 Re2 34. Rxf3 Rxc2 35. Rxf8+ Kxf8 36. b3 Kf7 37. Nb4 Rb2 38. Rxd6 Be7 39. Rd4 Rxb3 40. Nc6 Rc3 41. Nxe7 Kxe7 42. Rd5 b4 43. Rb5 b3 44. Ke1 Rh3 45. Kd1 Rh1+ 46. Kd2 b2 47. Rxb2 Rh2+ 48. Kc3 Rxb2 49. Kxb2 Ke6 50. Kc3 Kf5 51. Kd3 Kg4 52. Ke4 Kxh4 53. Kf5 g6+ 54. Kf4 Kh5 0-1

[Event "Liberec op 16th"]
[Site "Liberec"]
[Date "2016.02.20"]
[Round "9"]
[White "Brauer, Christian E"]
[Black "Mikalsen, Harald"]
[Result "1/2-1/2"]
[WhiteElo "2096"]
[BlackElo "1980"]
[PlyCount "36"]
[EventDate "2016.02.13"]
[EventType "swiss"]
[EventRounds "9"]
[EventCountry "CZE"]
[SourceTitle "CBM 170 Extra"]
[Source "ChessBase"]
[SourceDate "2016.02.25"]
[SourceVersion "1"]
[SourceVersionDate "2016.02.25"]
[SourceQuality "1"]

1. c4 e5 2. g3 Nf6 3. Bg2 d5 4. cxd5 Nxd5 5. Nc3 Be6 6. Nf3 Nc6 7. 0-0 Bc5 8. d3 f6 9. a3 Qd7 10. Bd2 a5 11. Na4 Bd6 12. Rc1 0-0 13. Nc5 Bxc5 14. Rxc5 b6 15. Rc1 Rfd8 16. Re1 Ra7 17. h3 Nde7 18. Kh2 Nd4 1/2-1/2

[Event "Liberec op 16th"]
[Site "Liberec"]
[Date "2016.02.16"]
[Round "5"]
[White "Simon, Peter1111"]
[Black "Mikalsen, Harald"]
[Result "1/2-1/2"]
[WhiteElo "2134"]
[BlackElo "1980"]
[PlyCount "37"]
[EventDate "2016.02.13"]
[EventType "swiss"]
[EventRounds "9"]
[EventCountry "CZE"]
[SourceTitle "CBM 170 Extra"]
[Source "ChessBase"]
[SourceDate "2016.02.25"]
[SourceVersion "1"]
[SourceVersionDate "2016.02.25"]
[SourceQuality "1"]

1. d4 Nf6 2. g3 g6 3. Bg2 d5 4. Nf3 Bg7 5. 0-0 0-0 6. c4 dxc4 7. Na3 c5 8. dxc5 Ne4 9. Qc2 Nxc5 10. Rd1 Qa5 11. Nxc4 Qa6 12. Nce5 Ncd7 13. Bf4 Nxe5 14. Bxe5 Bf5 15. Qc7 Nc6 16. Bxg7 Kxg7 17. Nd4 Nxd4 18. Qe5+ Qf6 19. Qxd4 1/2-1/2

[Event "Alta CC-ch"]
[Site "Alta"]
[Date "2015.02.04"]
[Round "4"]
[White "Mikalsen, Harald"]
[Black "Brasoy, Aksel"]
[Result "1-0"]
[WhiteElo "1692"]
[BlackElo "1941"]
[PlyCount "121"]
[EventDate "2015.01.14"]
[EventType "swiss"]
[EventRounds "10"]
[EventCountry "NOR"]
[SourceTitle "EXT 2017"]
[Source "ChessBase"]
[SourceDate "2016.10.25"]
[SourceVersion "1"]
[SourceVersionDate "2016.10.25"]
[SourceQuality "1"]

1. d4 Nf6 2. c4 e6 3. Nf3 b6 4. g3 Ba6 5. Qc2 Bb4+ 6. Bd2 Be7 7. Bg2 Bb7 8. 0-0 0-0 9. Nc3 d5 10. Ne5 c6 11. cxd5 cxd5 12. Rfc1 Nbd7 13. Nd3 Rc8 14. b4 Ne4 15. Be1 Bd6 16. Qb3 Nxc3 17. Rxc3 Rxc3 18. Bxc3 Qe7 19. b5 Rc8 20. Bb2 a6 21. a4 a5 22. Rc1 Rxc1+ 23. Bxc1 Qd8 24. Ba3 Qe7 25. Bxd6 Qxd6 26. Qc3 h6 27. f3 Kh8 28. e4 dxe4 29. fxe4 Qb8 30. e5 Bxg2 31. Kxg2 Nf8 32. Kf3 Ng6 33. h4 Ne7 34. Nf4 Qb7+ 35. Kf2 Qd7 36. g4 Kg8 37. Qc4 g6 38. Ke3 Qb7 39. Qc1 Qd7 40. Qa3 h5 41. Qd6 Qb7 42. Qd8+ Kg7 43. gxh5 gxh5 44. Nxh5+ Kg6 45. Qh8 Nf5+ 46. Kf2 Nxh4 47. Nf4+ Kg5 48. Qh5+ Kxf4 49. Qxh4+ Kf5 50. Qh5+ Kf4 51. Qh6+ Kg4 52. Qg7+ Kf4 53. Qg3+ Kf5 54. Qf3+ Qxf3+ 55. Kxf3 f6 56. exf6 Kxf6 57. Ke4 Ke7 58. Ke5 Kd7 59. d5 exd5 60. Kxd5 Kc7 61. Ke6 1-0